La realidad actual de Nicaragua / (Record no. 61959)

MARC details
000 -LEADER
campo de control de longitud fija 00941nam a2200253 i 4500
001 - NÚMERO DE CONTROL
campo de control 61959
003 - IDENTIFICADOR DE NÚMERO DE CONTROL
campo de control ES-MaACL
005 - FECHA Y HORA DE LA ÚLTIMA TRANSACCIÓN
campo de control 20230906164559.0
007 - CAMPO FIJO DE DESCRIPCIÓN FÍSICA--INFORMACIÓN GENERAL
campo de control de longitud fija t|
008 - DATOS DE LONGITUD FIJA--INFORMACIÓN GENERAL
campo de control de longitud fija 031114s1985 fr ||||1| spa d
080 ## - NÚMERO DE LA CLASIFICACIÓN DECIMAL UNIVERSAL
Número de la Clasificación Decimal Universal 343.4(728.5)
245 03 - MENCIÓN DEL TÍTULO
Título La realidad actual de Nicaragua /
Mención de responsabilidad, etc. Fédération Internationale des Droits de l'Homme.
260 ## - PUBLICACIÓN, DISTRIBUCIÓN, ETC.
Lugar de publicación, distribución, etc. Paris :
Nombre del editor, distribuidor, etc. [Centre d'Information et de Recherche sur l'Amerique Latine],
Fecha de publicación, distribución, etc. 1985.
300 ## - DESCRIPCIÓN FÍSICA
Extensión 231 p., 14 lám. :
Otras características físicas il. ;
Dimensiones 21 cm.
490 1# - MENCIÓN DE SERIE
Mención de serie Les droits des peuples ;
Designación de volumen o secuencia 13
650 #4 - PUNTO DE ACCESO ADICIONAL DE MATERIA--TÉRMINO DE MATERIA
Término de materia o nombre geográfico como elemento de entrada Derechos humanos-
Subdivisión geográfica Nicaragua.
9 (RLIN) 174655
651 #4 - PUNTO DE ACCESO ADICIONAL DE MATERIA--NOMBRE GEOGRÁFICO
Nombre geográfico Nicaragua-
Subdivisión general Política y gobierno-
Subdivisión cronológica 1979-1990.
9 (RLIN) 9121
710 2# - ENTRADA AGREGADA--NOMBRE DE ENTIDAD CORPORATIVA
Nombre de entidad corporativa o nombre de jurisdicción como elemento de entrada Federación Internacional de Derechos Humanos.
9 (RLIN) 4108
710 2# - ENTRADA AGREGADA--NOMBRE DE ENTIDAD CORPORATIVA
Nombre de entidad corporativa o nombre de jurisdicción como elemento de entrada Centre d'Information et de Recherche sur l'Amerique Latine.
9 (RLIN) 2548
830 1# - PUNTO DE ACCESO ADICIONAL DE SERIE-TÍTULO UNIFORME
Título uniforme Les droits des peuples ;
Designación de volumen o secuencia 13
9 (RLIN) 230621
852 4# - LOCALIZACIÓN
Ubicación ES-MaACL
Número de control de estantería L-11752
852 4# - LOCALIZACIÓN
Ubicación ES-MaACL
Número de control de estantería D-3004
Holdings
Estatus retirado Estado de pérdida Estado de daño No para préstamo Biblioteca de origen Biblioteca actual Ubicación en estantería Fecha de adquisición Fuente de adquisición Total de préstamos Signatura topográfica completa Código de barras Visto por última vez Precio de reemplazo Tipo de ítem Koha
        Biblioteca del Ateneo de Madrid Biblioteca del Ateneo de Madrid Sala Valle Inclán 17/01/2008     D-3004 901064963 23/02/2023 23/02/2023 Libro impreso
        Biblioteca del Ateneo de Madrid Biblioteca del Ateneo de Madrid Depósito 2 17/01/2008     L-11752 1064962 23/02/2023 23/02/2023 Libro impreso